Matemáticas : (Registro nro. 7319)
[ vista simple ]
| 000 -CABECERA | |
|---|---|
| Campo de control interno | 01819nam a2200253Ia 4500 |
| 008 - ELEMENTOS DE LONGITUD FIJA - INFORMACIÓN GENERAL | |
| Campo de control de longitud fija | 260220t1971||||xx |||||||||||||| ||spa|| |
| 040 ## - FUENTE DE CATALOGACIÓN | |
| Agencia de catalogación original | PY-SlUNAC |
| Idioma de catalogación | spa |
| Convenciones de descripción | rda |
| 041 ## - CÓDIGO DE IDIOMA | |
| Código de idioma para texto/pista de sonido o título separado | spa |
| 082 ## - NÚMERO DE CLASIFICACIÓN DECIMAL DEWEY | |
| Clasificación Decimal Dewey (CDD) | 510 |
| Clasificación Expansiva de Cutter (EC) | L296m |
| 100 ## - ASIENTO PRINCIPAL - NOMBRE PERSONAL | |
| Nombre personal | Lanuza, Francisco Marcos de |
| Rol del autor | Autor |
| 245 #0 - TÍTULO | |
| Título | Matemáticas : |
| Subtítulo | quinto curso / |
| Mención de responsabilidad | por Francisco Marcos de Lanuza [Autor] |
| 250 ## - MENCIÓN DE EDICIÓN | |
| Mención de edición | Cuarta edición |
| 264 ## - PIE DE IMPRENTA | |
| Lugar | Asunción : |
| Editorial | Gregorio del Toro, |
| Año | ℗1971. |
| 300 ## - DESCRIPCIÓN FÍSICA | |
| Páginas | 1 volumen |
| 520 ## - NOTA DE RESUMEN | |
| Nota de resumen | El libro "Matemáticas: quinto curso" de Francisco Marcos de Lanuza, publicado en 1971 por Gregorio del Toro en Asunción, es un texto educativo enfocado en el aprendizaje de las matemáticas a nivel de quinto grado. A través de una estructura clara y didáctica, el autor presenta conceptos fundamentales como aritmética, geometría, álgebra y medidas, promoviendo el pensamiento lógico y la resolución de problemas. Cada capítulo incluye explicaciones teóricas acompañadas de ejemplos prácticos y ejercicios que facilitan la comprensión del material. Lanuza también enfatiza la importancia de las matemáticas en la vida cotidiana, animando a los estudiantes a aplicar los conocimientos adquiridos en situaciones reales. La obra se destaca por su enfoque en el desarrollo de habilidades críticas y analíticas, así como por su diseño accesible, que busca atender a un público diverso en el contexto educativo de la época. En conjunto, este libro se convierte en una herramienta valiosa para el aprendizaje y la enseñanza de las matemáticas en la educación básica. |
| 653 ## - MATERIA - TÉRMINO TEMÁTICO NO CONTROLADO (PALABRAS CLAVE) | |
| Materia - término temático no controlado (palabras clave) | Educación |
| 653 ## - MATERIA - TÉRMINO TEMÁTICO NO CONTROLADO (PALABRAS CLAVE) | |
| Materia - término temático no controlado (palabras clave) | Escuelas primarias |
| 653 ## - MATERIA - TÉRMINO TEMÁTICO NO CONTROLADO (PALABRAS CLAVE) | |
| Materia - término temático no controlado (palabras clave) | Matemáticas |
| 942 ## - ELEMENTOS PERSONALIZADOS (KOHA) | |
| Fecha catalogación | 2026/02/17 |
| Tipo de documento | Libros |
| Fuente de Clasificacion | Colección | Ubicacion permanente | Biblioteca actual | Fecha de Ingreso a la Biblioteca | Origen de adquisición | Enumeración en serie / cronología | Código de ubicación | Código de barras | Tipo de Item KOHA | Nota pública |
|---|---|---|---|---|---|---|---|---|---|---|
| Dewey Decimal Classification | Colección General (CG) | Biblioteca e Internet, Facultad de Ciencias Exactas y Naturales | Biblioteca e Internet, Facultad de Ciencias Exactas y Naturales | 02/20/2026 | Donación | 4aEd. | 510 L296m | CG679 | Libros | Material disponible en la Biblioteca e Intenet, Campus UNA, San Lorenzo. |


